Online katalóg knižníc regiónu Turca

Faraón / (Record no. 21108)

MARC details
000 -LEADER
fixed length control field 00776nam a22002291a 4500
001 - CONTROL NUMBER
control field 21108
003 - CONTROL NUMBER IDENTIFIER
control field CZ PrNK
005 - DATE AND TIME OF LATEST TRANSACTION
control field 20260213144346.0
008 - FIXED-LENGTH DATA ELEMENTS--GENERAL INFORMATION
fixed length control field 041014s1958 xo slo
040 ## - CATALOGING SOURCE
Original cataloging agency ABA001
Language of cataloging cze
Transcribing agency ABA001
Modifying agency ABA001
041 1# - LANGUAGE CODE
Language code of text/sound track or separate title slo
Language code of original pol
100 1# - MAIN ENTRY--PERSONAL NAME
Personal name Prus, Bolesław,
Dates associated with a name 1847-1912
Relationship aut
245 10 - TITLE STATEMENT
Title Faraón /
Statement of responsibility, etc. [Autor:] Bolesław Prus [pseud.] ; Z pol. orig. Faraon prel. Mikuláš Stano
250 ## - EDITION STATEMENT
Edition statement 1. vyd.
260 ## - PUBLICATION, DISTRIBUTION, ETC.
Place of publication, distribution, etc. Bratislava :
Name of publisher, distributor, etc. Slov. vydav. krásnej lit.,
Date of publication, distribution, etc. 1958
300 ## - PHYSICAL DESCRIPTION
Extent 683 s. ;
Dimensions
490 1# - SERIES STATEMENT
Series statement Edícia svetových klasikov ;
Volume/sequential designation Zv. 84
500 ## - GENERAL NOTE
General note Vlastní jméno autora: Głowacki, Aleksander
830 #0 - SERIES ADDED ENTRY--UNIFORM TITLE
Uniform title Edícia svetových klasikov (Slovenské vydavateľstvo krásnej literatúry)
910 ## - USER-OPTION DATA (OCLC)
User-option data ABA001
942 ## - ADDED ENTRY ELEMENTS (KOHA)
Source of classification or shelving scheme Dewey Decimal Classification
Koha item type Krásna literatúra pre dospelých
Suppress in OPAC No
Holdings
Stav vyradenia Strata Poškodenie Spôsob nadobudnutia Domovská knižnica Aktuálna knižnica Dátum nadobudnutia Total checkouts Čiarový kód exemplára Date last seen Typ exemplára
      Dar Obecná knižnica Horná Štubňa Obecná knižnica Horná Štubňa 13.02.2026   4736201291 13.02.2026 Krásna literatúra pre dospelých
Projekt je podporený Slovenskou asociáciou knižníc
Prevádzkuje Turčianska knižnica Martin 2026